El curriculum: una reflexión sobre la práctica

Wedi'i Gadw mewn:
Manylion Llyfryddiaeth
Prif Awdur: Gimeno Sacristán, José (autor)
Fformat: Llyfr
Iaith:Sbaeneg
Cyhoeddwyd: Madrid Ediciones Morata S. L 2002
Rhifyn:8a. ed
Cyfres:Pedagogía Manuales
Pynciau:
Tagiau: Ychwanegu Tag
Dim Tagiau, Byddwch y cyntaf i dagio'r cofnod hwn!

MARC

LEADER 00000cam a2200000 a 4500
001 UCC4839
003 CL-VaPUC
008 180831e20020000sp |||||||||||||||||spa|d
020 |a 8471123266 
082 0 4 |a 375  |b GIM  |2 21 
100 |a Gimeno Sacristán, José  |e autor  |9 814227 
245 1 3 |a El curriculum: una reflexión sobre la práctica 
250 |a 8a. ed 
300 |a 423 p 
942 |c BK 
945 |d 20180831 12:04:00  |a dcastane 
260 |a Madrid  |b Ediciones Morata S. L  |c 2002 
650 7 |a PRACTICAS PROFESIONALES  |2 CL-VaPUC  |9 555806 
650 0 |a Currículo  |9 307290 
583 |a last modification  |c 20180831 12:04:00  |k Rodrigo Vera 
490 0 |a Pedagogía Manuales 
999 |c 372225  |d 372223